00000000nam 2200000zi 4500
0019.945154
003CaOODSP
00520250605105007
006m     o  d f      
007cr cn|||||||||
008241114t20242024oncab   ob   f000 0 eng d
020 |a9780660744971
040 |aCaOODSP|beng|erda|cCaOODSP
043 |an-cn---
0861 |aFs23-755/2024E-PDF
24500|aFive years of coastal science : |bthe Coastal Environmental Baseline Program, Oceans Protectection Plan, 2018-2023.
24610|aCoastal Environmental Baseline Program, Oceans Protectection Plan, 2018-2023
264 1|aOttawa : |bFisheries and Oceans Canada = Pêches et océans Canada,|c2024.
264 4|c©2024
300 |a1 online resource (15 pages) : |billustrations, maps
336 |atext|btxt|2rdacontent
337 |acomputer|bc|2rdamedia
338 |aonline resource|bcr|2rdacarrier
500 |aIssued also in French under title: Cinq ans de sciences côtières : le Programme sur les données environnementales côtières de référence, Plan de protection des océans, 2018-2023.
504 |aIncludes bibliographical references.
520 |a"To better understand and manage our coasts and waterways, Fisheries and Oceans Canada launched the Coastal Environmental Baseline Program in 2018 as part of the Government of Canada's Oceans Protection Plan"--Introduction, page 3.
650 0|aMarine resources conservation|zCanada.
650 0|aMarine parks and reserves|zCanada.
7101 |aCanada. |bDepartment of Fisheries and Oceans, |eissuing body.
77508|tCinq ans de sciences côtières : |w(CaOODSP)9.945155
77508|t[Five years of coastal science] : |w(CaOODSP)9.945156
85640|qPDF|s13.90 MB|uhttps://publications.gc.ca/collections/collection_2025/mpo-dfo/Fs23-755-2024-eng.pdf
8564 |qHTML|sN/A|uhttps://www.dfo-mpo.gc.ca/science/partnerships-partenariats/research-recherche/cebp-pdecr/2018-2023/index-eng.html